| 000 | 00783nam a2200241#a 4500 | ||
|---|---|---|---|
| 001 | 00903 | ||
| 003 | HDC | ||
| 007 | ta | ||
| 008 | 230623s2008 xx 000 0 eng d | ||
| 020 | _a9781560222989 (hbk.). | ||
| 040 | _aHDC | ||
| 050 |
_aTP 370.4 _b .H385 2008 |
||
| 245 | 0 |
_aHandbook of innovation in the food and drink industry / _cRuth Rama, editor. |
|
| 264 |
_aNew York : _bHaworth Press, _cc2008. |
||
| 300 |
_axiii,421p. : _b ill. ; _c 24cm. |
||
| 500 | _aIncludes bibliographical references and index. | ||
| 650 |
_aBeverage industry _xTechnological innovations _vHandbooks, manuals, etc. |
||
| 650 |
_aFood industry and trade _xTechnological innovations _vHandbooks, manuals, etc. |
||
| 942 | _2lcc | ||
| 942 | _cBK | ||
| 942 | _kTP 370.4 | ||
| 942 | _m .H385 2008 | ||
| 999 |
_c22507 _d22507 |
||